| 000 | 01264nam a22002537a 4500 | ||
|---|---|---|---|
| 999 |
_c22192 _d22192 |
||
| 003 | AR-CdUCM | ||
| 008 | 190425b ||||| |||| 00| 0 spa d | ||
| 040 |
_aMUNICIPALIDAD PROVINCIAL DEL CUSCO _cBIBLIOTECA MUNICIPAL DEL CUSCO |
||
| 082 | _aOropesa/N°95/2015 | ||
| 245 |
_aOropesa : _brevista de cultura y educación de opinión y crítica / _cAmérico Valer Vargas, Director |
||
| 260 |
_aCusco. _bLezama, _c2015. |
||
| 300 |
_a18 páginas. : _bilustraciones ; _c30 cm. |
||
| 440 |
_aOropesa. _nAño XXXIV, N°XCV, setiembre 2015. _947616 |
||
| 505 | _aContenido: Creo que hay una crisis ética muy profunda en el país. -- Jorge Basadre en la historia las bases documentales y Franklin Pease. -- Tupac Amaru y el diálogo para el buen gobierno. -- T´anta Raymi Oropesa 2015. -- Devoción milagros y fe en el Santuario del Señor de Qoylloriti. -- Respeto a la naturaleza. -- Las mujeres forjaron al Perú patria grande y profunda. | ||
| 650 |
_aPolítica cusqueña _947381 |
||
| 650 |
_aCultura andina _947570 |
||
| 650 |
_aSociedad cusqueña _947493 |
||
| 650 |
_aSiglo XX _947561 |
||
| 700 |
_aValenzuela Lovón, Armando _91192 |
||
| 700 |
_aValer Vargas, Américo _947562 |
||
| 700 |
_aMould de Pease, Mariana _97113 |
||
| 942 |
_2ddc _cPP |
||
| 945 | _arac | ||